书目信息 |
| 题名: |
氧化锌压敏陶瓷制造及应用
|
|
| 作者: | 王振林 , 李盛涛 著 | |
| 分册: | ||
| 出版信息: | 北京 科学出版社 2017 |
|
| 页数: | 550页 | |
| 开本: | 24cm | |
| 丛书名: | ||
| 单 册: | ||
| 中图分类: | TM283 | |
| 科图分类: | ||
| 主题词: | 氧化锌压敏陶瓷--yang hua xin ya min tao ci--研究 | |
| 电子资源: | ||
| ISBN: | 978-7-03-051028-0 | |
| 000 | 01072nam0 2200277 45 | |
| 001 | 012001003492 | |
| 005 | 20191204141718.54 | |
| 010 | @a978-7-03-051028-0@dCNY150.00 | |
| 099 | @aCAL 012017023054 | |
| 100 | @a20170116d2017 em y0chiy50 ea | |
| 101 | 0 | @achi |
| 102 | @aCN@b110000 | |
| 105 | @aak a 000yy | |
| 106 | @ar | |
| 200 | 1 | @a氧化锌压敏陶瓷制造及应用@Ayang hua xin ya min tao ci zhi zao ji ying yong@f王振林, 李盛涛著 |
| 205 | @a第2版 | |
| 210 | @a北京@c科学出版社@d2017 | |
| 215 | @a550页@c图@d24cm | |
| 320 | @a有书目 | |
| 330 | @a本书内容主要包括氧化锌压敏陶瓷、避雷器元器件制造材料、配方、工艺及其工艺装备、产品设计和性能测试方法等,书中对我国氧化锌避雷器和压敏电阻器科研成果、生产技术进行了系统总结,特别在次晶界形成机理、烧成冷却速度和热处理工艺作用机理、压敏陶瓷几何效应等方面具有独特见解和创新。 | |
| 606 | 0 | @a氧化锌压敏陶瓷@Ayang hua xin ya min tao ci@x研究 |
| 690 | @aTM283@v5 | |
| 701 | 0 | @a王振林@Awang zhen lin@4著 |
| 701 | 0 | @a李盛涛@Ali sheng tao@4著 |
| 801 | 2 | @aCN@b北京卓展@c20191020 |
| 905 | @b1211850-2@dTM283@e30=2@f3 | |
| 氧化锌压敏陶瓷制造及应用/王振林, 李盛涛著.-第2版.-北京:科学出版社,2017 |
| 550页:图;24cm |
| ISBN 978-7-03-051028-0:CNY150.00 |
| 本书内容主要包括氧化锌压敏陶瓷、避雷器元器件制造材料、配方、工艺及其工艺装备、产品设计和性能测试方法等,书中对我国氧化锌避雷器和压敏电阻器科研成果、生产技术进行了系统总结,特别在次晶界形成机理、烧成冷却速度和热处理工艺作用机理、压敏陶瓷几何效应等方面具有独特见解和创新。 |
| ● |
| 相关链接 |
|
|
|
|
正题名:氧化锌压敏陶瓷制造及应用
索取号:TM283/30=2
 
预约/预借
| 序号 | 登录号 | 条形码 | 馆藏地/架位号 | 状态 | 备注 |
| 1 | 1211850 | 212118509 | 第二样本阅览室/ [索取号:TM283/30=2] | 在馆 | |
| 2 | 1211851 | 212118518 | 第三借阅区/ [索取号:TM283/30=2] | 在馆 | |
| 3 | 1211852 | 212118527 | 第三借阅区/ [索取号:TM283/30=2] | 在馆 |